000 00959nam0a22002411 4500
001 rc\388497
005 20250621065626.0
035 _a(NLR Aleph) 005638537
090 _a6643776
_c6643776
100 _a20030616d1989 |||y0rusy50 ca
101 0 _arus
102 _aRU
105 _ay |||||||||
200 1 _aКлиническое значение ферментурии при заболеваниях почек у детей
_eМетод. рекомендации (с правом переизд. мест. органами здравоохранения)
_fМ-во здравоохранения РСФСР
_g[Составитель Фокеева В.В. и др.]
210 _aМ.
_cБ. и.
_d1989
215 _a20, [1] с.
_d22
702 1 _aФокеева
_bВ.В.
_4220
712 0 1 _aРСФСР
_bМ-во здравоохранения
801 0 _aRU
_bNLR
_gpsbo
801 1 _aRU
_bELAR
_2rusmarc
852 _aNLR
_j90-6/244
942 _cBOOK
980 _aNB